Authorizing commissioned surgeons of the United States Air Force and physicians employed by the Veterans' Administration, as well as doctors licensed to practice in the District of Columbia, but not residing therein, to issue certificates of insanity.

Bibliographic Details
Corporate Authors: United States. Congress. Senate. Committee on the District of Columbia, ProQuest (Firm)
Format: eBook
Language:English
Published: Washington : [publisher not identified], 1950.
Series:United States congressional serial set.
Subjects:
Online Access:Connect to the full text of this electronic book

MARC

Tag First Indicator Second Indicator Subfields
LEADER 00000cam a22000001a 4500
001 in00003083371
005 20190403182134.0
006 m o d
007 cr un mmmapmmp
008 080407s1950 dcu o f000 0 eng d
035 |a cis2004233426 
040 |a UMI  |c UMI  |d UtOrBLW 
043 |a n-us--- 
099 |a ProQuest Serial Set Number 11368 S.rp.1530 
110 1 |a United States.  |b Congress.  |b Senate.  |b Committee on the District of Columbia. 
245 1 0 |a Authorizing commissioned surgeons of the United States Air Force and physicians employed by the Veterans' Administration, as well as doctors licensed to practice in the District of Columbia, but not residing therein, to issue certificates of insanity. 
246 1 |a Authorizing certain physicians, etc., to issue certificates of insanity in District of Columbia 
264 1 |a Washington :  |b [publisher not identified],  |c 1950. 
300 |a 1 online resource. 
336 |a text  |b txt  |2 rdacontent 
337 |a computer  |b c  |2 rdamedia 
338 |a online resource  |b cr  |2 rdacarrier 
490 0 |a S.rp.1530 
500 |a Record is based on bibliographic data in ProQuest U.S. Serial Set Digital Collection (last viewed Apr. 2008). Reuse except for individual research requires license from ProQuest, LLC. 
510 3 |a ProQuest U.S. Serial Set Digital Collection 
500 |a Electronic resource. 
610 1 0 |a District of Columbia. 
650 0 |a Mental health. 
650 0 |a Physicians. 
655 7 |a Electronic books.  |2 local 
710 2 |a ProQuest (Firm) 
830 0 |a United States congressional serial set. 
856 4 0 |u http://proxy.library.tamu.edu/login?url=http://congressional.proquest.com/congcomp/getdoc?SERIAL-SET-ID=11368+S.rp.1530  |z Connect to the full text of this electronic book  |t 0 
999 |a MARS 
999 f f |s 88bf4ed3-15e4-3f68-8ba5-c83fbc0feb79  |i 9af72d39-bb42-3949-9601-54421036357c  |t 0 
952 f f |a Texas A&M University  |b College Station  |c Electronic Resources  |d Available Online  |t 0  |e ProQuest Serial Set Number 11368 S.rp.1530  |h Other scheme 
998 f f |a ProQuest Serial Set Number 11368 S.rp.1530  |t 0  |l Available Online